El capital de los pobres en Costa Rica: acceso, utilización y rendimiento /

Como los ingresos de las familias dependen principalmente de la cantidad, utilización y rentabilidad de los activos que poseen, incluyendo su capital humano y social, la pobreza estará asociada con insuficiencias en la acumulación o en la utilización rentable de los distintos tipos de activos. El ob...

Полное описание

Сохранить в:
Библиографические подробности
Главный автор: Trejos Solórzano, Juan Diego
Другие авторы: Montiel, Nancy
Формат: Текст
Предметы:
Метки: Добавить метку
Нет меток, Требуется 1-ая метка записи!

MARC

LEADER 00000 a a2200000 04500
001 43645
003
040
100 |a Trejos Solórzano, Juan Diego  
245 |a El capital de los pobres en Costa Rica:   |b acceso, utilización y rendimiento /  |c Juan Diego Trejos ; Nancy Montiel  
520 4 |a Como los ingresos de las familias dependen principalmente de la cantidad, utilización y rentabilidad de los activos que poseen, incluyendo su capital humano y social, la pobreza estará asociada con insuficiencias en la acumulación o en la utilización rentable de los distintos tipos de activos. El objetivo de este trabajo es el incursionar en el estudio de los activos que poseen los pobres, sus grados de utilización, los rendimientos alcanzados y su impacto para sacarlos o no de los umbrales de la pobreza.  
590 |a RRA/OCTUBRE2012  
650 |a 1.POBREZA  
650 |a 2.INGRESO  
650 |a 3.INGRESO DE CAPITALES  
650 |a 4.EDUCACION  
650 |a 5.ANALISIS ESTADISTICO  
650 |a 6.COSTA RICA  
700 |a Montiel, Nancy  
773 |g páginas 249-327 : tablas  
999 |c 27114  |d 27114